000
00325nam a2200145Ia 4500
005
20251222144703.0
008
251222s9999||||xx |||||||||||||| ||spa||
020
_a
9780307588661
082
_a
813.6/M86
100
_a
Moran, Michelle
245
0
_a
Madame Tussaud
250
_a
1ra.ed.
264
_b
Broadwey
942
_c
LIB
999
_c
17517
_d
17517